| 000 | 00954njm a22002537a 4500 | ||
|---|---|---|---|
| 005 | 20100918121657.0 | ||
| 006 | a|||||r|||||00| 0 | ||
| 007 | sd ammalaaahaa | ||
| 008 | 100907t xxu||||| |||| 00| 0 eng d | ||
| 028 |
_aIND. 1010 A _bCBS |
||
| 035 | _aGR-03441 | ||
| 100 |
_aShamim _918693 |
||
| 245 |
_aShankar Dasgupta Kuchh Yadein / _cby Shamim _h[Sound recording] |
||
| 246 | _aशंकर दासगुप्ता कुछ यादें / | ||
| 260 |
_aDum Dum, India _bCBS _cn.d. |
||
| 300 |
_a1 sound disc [Gramophone Recording] _banalog, 33 1/3rpm ; _c12 in. (LP) _fGramaphone Records |
||
| 500 | _aBrief record | ||
| 500 | _aRecord Lables : CBS, Red | ||
| 505 | _aSide-1 (Yeh Bhi To Kam Nahin) (Shamim), --Side-2 (Kal Ke Suraj) (Shaad Fidaari) | ||
| 600 | _2 Shamim | ||
| 650 |
_aGhazals _xExcerpts _zIndia _918694 |
||
| 942 |
_2ddc _cGR |
||
| 999 |
_c46724 _d46724 |
||